000 00630nam a2200229Ia 4500
003 OSt
005 20220923225927.0
006 a|||||r|||| 00| 0
007 ta
008 Pun
024 _a275,925
037 _cTextual
040 _aARTS
_cARTS
_bPun
041 _2Pun
_aPun
082 _aO153,1NKUx, M0
100 _aਜਗਰਾਓ੍ਵ, ਕੁਲਵੰਤ
245 0 _aਕੌਣ ਦਿਲਾਂ ਦੀਆਂ ਜਾਣੇ
260 _c1980
650 _aਪੰਜਾਬੀ ਸਾਹਿਤ
942 _hO153,1NKUx, M0
_cTEXL
_2CC
999 _c381359
_d381359